| 000 | 00469nam a2200145 a 4500 | ||
|---|---|---|---|
| 001 | 000016193 | ||
| 005 | 20200929164320.0 | ||
| 008 | 100301s1992 dr 000 0 spa d | ||
| 040 |
_aDO-SdBNP _bspa _cBNPHU |
||
| 100 | 1 |
_aPérez Alvarado, Jorge Luis _98539 |
|
| 245 | 1 | 0 |
_aHotelería y turismo / _cJorge Luis Pérez Alvarado. |
| 260 |
_aSanto Domingo : _bFundación Dominicana de Promoción Cultural, _c1992. _fImpresos Sergio |
||
| 300 |
_a51 p ; _c28 cm. |
||
| 049 | _aBNPD | ||
| 999 |
_c15732 _d15732 |
||